000 00433nam a2200193Ia 4500
003 OSt
005 20221005131052.0
006 a|||||r|||| 00| 0
007 ta
008 221004b |||||||| |||| 00| 0 eng d
024 _a112825
037 _cTextual
040 _aCRL
_cCRL
_beng
041 _2eng
_aeng
100 _aKarl Marx
245 0 _aselected Works
942 _cTEXL
_2cc
999 _c1059243
_d1059243